| 000 | 00334 a2200145 4500 | ||
|---|---|---|---|
| 001 | 64307 | ||
| 082 | _a629.1 AND | ||
| 090 |
_c37961 _d37961 |
||
| 100 | _aAnderson,John | ||
| 245 | _aIntroduction to flight 4/Ed | ||
| 250 | _a4th | ||
| 260 |
_aSingapore _bMcGraw Hill _c2000 |
||
| 300 | _a726 p | ||
| 500 | _aBE textbook Aerospace | ||
| 942 |
_aNUST-CAE _k629.1 AND |
||
| 999 |
_c299380 _d299380 |
||